00437 a2200157 4500008004100000020001800041082001900059100002100078245003700099250001200136260003200148300001900180500003600199650001900235700002500254221215b ||||| |||| 00| 0 eng d a978812652152400a621.4021bB733 aBorgnakke, Claus aFundamentals of thermodynamics / a7th ed. aNew Delhi: bWiley, c2015. axvii, 777 p.  aInternational Student Version.  0aThermodynamics aSonntag, Richard E.